000 00644nam a2200205 i 4500
001 bg
100 1 _aKIEŁTYKA, Leszek
_d(1953- ).
245 1 0 _aLaboratorium podstaw metrologii elektrycznej /
_cLeszek Kiełtyka ; Politechnika Częstochowska.
260 _aCzęstochowa :
_bWydaw. PC,
_c1993.
300 _a[2], 141 s. :
_brys., wykr. ;
_c24 cm.
504 _aBibliogr. przy rozdz.
650 9 _aElektrotechnika
_xpomiary
650 9 _aPrzyrządy pomiarowe
_xelektrotechnika
655 _aPodręczniki akademickie
040 _cBPK
041 0 _apl
080 _a621.317(075.8)
942 _cKS
008 s pl f |000 0 pol
999 _c6761
_d6761
856 _uhttp://koha.tu.koszalin.pl/cgi-bin/koha/opac-detail.pl?biblionumber=6761
_yKatalog online BPK